Investment facts differ from figures (Record no. 71902)
[ view plain ]
| 000 -LEADER | |
|---|---|
| fixed length control field | 00920cam a2200193 4500 |
| 001 - CONTROL NUMBER | |
| control field | WB3901-21 |
| 008 - FIXED-LENGTH DATA ELEMENTS--GENERAL INFORMATION | |
| fixed length control field | 030109n2003 000 0 eng u |
| 035 ## - SYSTEM CONTROL NUMBER | |
| System control number | (Sirsi) u120954 |
| 245 ## - TITLE STATEMENT | |
| Title | Investment facts differ from figures |
| 260 ## - PUBLICATION, DISTRIBUTION, ETC. | |
| Date of publication, distribution, etc. | 2003 |
| 490 ## - SERIES STATEMENT | |
| Series statement | Estates Gazette |
| Volume/sequential designation | (0301) 4 January 2003, 17(1) |
| 520 ## - SUMMARY, ETC. | |
| Summary, etc. | Office for National Statistics (ONS) data reveals that institutions increased their exposure to property by £3.6bn in the third quarter 2002, the highest figure since 1983. However, agents including DTZ Research and CB Hillier Parker query whether ONS figures present the real picture. Graph. ONS at www.statistics.gov.uk. DTZ Research at www.dtzresearch.co.uk CB Hillier Parke at www.cbhillierparker.com |
| 590 ## - LOCAL NOTE (RLIN) | |
| Local note | WB |
| 650 ## - SUBJECT ADDED ENTRY--TOPICAL TERM | |
| Topical term or geographic name entry element | OFFICE FOR NATIONAL STATISTICS |
| 650 ## - SUBJECT ADDED ENTRY--TOPICAL TERM | |
| Topical term or geographic name entry element | INSTITUTIONAL INVESTMENT |
| 650 ## - SUBJECT ADDED ENTRY--TOPICAL TERM | |
| Topical term or geographic name entry element | PROPERTY-COMMERCIAL PROPERTY |
| 690 ## - LOCAL SUBJECT ADDED ENTRY--TOPICAL TERM (OCLC, RLIN) | |
| Topical term or geographic name as entry element | INVESTMENT |
| 942 ## - ADDED ENTRY ELEMENTS (KOHA) | |
| Suppress in OPAC | 0 |
| Withdrawn status | Lost status | Source of classification or shelving scheme | Damaged status | Not for loan | Home library | Current library | Shelving location | Date acquired | Total Checkouts | Full call number | Barcode | Date last seen | Copy number | Price effective from | Koha item type |
|---|---|---|---|---|---|---|---|---|---|---|---|---|---|---|---|
| Dewey Decimal Classification | London | London | News article | 09/01/2003 | WB3901-21 | 120954-1001 | 06/08/2019 | 1 | 06/08/2019 | News article |